|
|
|
|
| LEADER |
00000cas a22000005a 4500 |
| 001 |
vtls009487161 |
| 003 |
SK-MaSNL |
| 005 |
20260228155939.0 |
| 008 |
090326c19992005xo ur|p 0 b0slo |
| 040 |
|
|
|a SNK
|b slo
|c SNK
|e AACR2
|
| 041 |
0 |
|
|a slo
|
| 044 |
|
|
|a xo
|c SK
|
| 072 |
|
7 |
|a 316.3
|x Globálne spoločnosti. Sociálna štruktúra. Sociálne skupiny
|2 konspekt
|
| 072 |
|
7 |
|a 79
|x Rekreácia. Voľný čas. Zábavy. Hry. Šport
|2 konspekt
|
| 072 |
|
7 |
|a 316.7
|x Sociológia kultúry. Kultúrny život
|2 konspekt
|
| 080 |
|
|
|a 316.346.2-055.2
|2 2011
|
| 080 |
|
|
|a 379.8
|2 2011
|
| 080 |
|
|
|a 316.728
|2 2011
|
| 080 |
|
|
|a (051.055.2)
|2 2011
|
| 245 |
0 |
0 |
|a Ženský magazín extra
|
| 260 |
|
|
|a Bratislava
|b Semic Media
|c [1999-2005]
|
| 300 |
|
|
|a zv.
|c 21 cm
|
| 310 |
|
|
|a 1x ročne
|
| 362 |
0 |
|
|a [1999]-[2005]
|
| 500 |
|
|
|a Popis podľa: 1/2002
|
| 500 |
|
|
|a Šéfredaktor: Andrej Fabík
|
| 500 |
|
|
|a Registračné č.: 789/93
|
| 650 |
0 |
7 |
|a ženy
|2 SNKPH
|9 4865
|
| 650 |
0 |
7 |
|a voľný čas
|2 SNKPH
|9 3355
|
| 650 |
0 |
7 |
|a životný štýl
|2 SNKPH
|9 1704
|
| 655 |
|
7 |
|a časopisy pre ženy
|2 SNKPH
|9 70785
|
| 700 |
1 |
|
|a Fabík, Andrej
|4 pbd
|9 5285
|
| 910 |
|
|
|a snk
|
| 999 |
|
|
|c 969
|d 969
|
| 952 |
|
|
|0 0
|1 0
|4 0
|7 0
|8 0
|a SNK
|b SNK
|d 2009-05-27
|i snk2009/9350
|l 0
|o snkČSD 1963/C/2002
|p 17A1340378
|r 2026-02-21 20:50:03
|t č. 1
|w 2026-02-21
|y PREZ
|
| 952 |
|
|
|0 0
|1 0
|4 0
|7 0
|8 0
|a SNK
|b SNK
|d 2009-05-27
|i snk2009/9351
|l 0
|o snkČSD 1963/C/2002 D1
|p 17A0534340
|r 2026-02-21 20:50:03
|t č. 1
|w 2026-02-21
|y PREZ
|